<?xml version="1.0" encoding="UTF-8"?>
<record
    xmlns:xsi="http://www.w3.org/2001/XMLSchema-instance"
    xsi:schemaLocation="http://www.loc.gov/MARC21/slim http://www.loc.gov/standards/marcxml/schema/MARC21slim.xsd"
    xmlns="http://www.loc.gov/MARC21/slim">

  <leader>02852cam a2200325 a 4500</leader>
  <controlfield tag="005">20240305165351.0</controlfield>
  <controlfield tag="007">cr||||   |||| </controlfield>
  <controlfield tag="008">110511s2011    spc           000 0 spa c</controlfield>
  <datafield tag="017" ind1=" " ind2=" ">
    <subfield code="a">DL SE. 2277-2011</subfield>
  </datafield>
  <datafield tag="020" ind1=" " ind2=" ">
    <subfield code="a">9788476989609</subfield>
  </datafield>
  <datafield tag="035" ind1=" " ind2=" ">
    <subfield code="a">6012</subfield>
  </datafield>
  <datafield tag="040" ind1=" " ind2=" ">
    <subfield code="d">vLex</subfield>
  </datafield>
  <datafield tag="090" ind1=" " ind2=" ">
    <subfield code="c">2803</subfield>
    <subfield code="d">2803</subfield>
  </datafield>
  <datafield tag="245" ind1="0" ind2="3">
    <subfield code="a">Un Codi per al dret civil de Catalunya: idealisme o pragmatisme? </subfield>
    <subfield code="h">[Recurso electr&#xF3;nico] :</subfield>
    <subfield code="b">estudis en commemoraci&#xF3; del 50&#xE8; aniversari de la Compilaci&#xF3; /</subfield>
    <subfield code="c">Sergio Llebar&#xED;a Samper, coordinador ; Alfonso Arroyo D&#xED;ez ... [et al.]</subfield>
  </datafield>
  <datafield tag="256" ind1=" " ind2=" ">
    <subfield code="a">Servicio en l&#xED;nea</subfield>
  </datafield>
  <datafield tag="260" ind1=" " ind2=" ">
    <subfield code="a">Barcelona :</subfield>
    <subfield code="b">ESADE. Facultad de Derecho. Universidad Ramon Llull :</subfield>
    <subfield code="b">J.M. Bosch,</subfield>
    <subfield code="c">2011</subfield>
  </datafield>
  <datafield tag="300" ind1=" " ind2=" ">
    <subfield code="a">1 recurso electr&#xF3;nico</subfield>
  </datafield>
  <datafield tag="500" ind1=" " ind2=" ">
    <subfield code="a">El 21 de juliol de 2010 la Compilaci&#xF3; del Dret civil especial de Catalunya va complir 50 anys. I els va complir aprimada i agonitzant, ja que molts dels seus 344 articles ja han estat derogats. Per&#xF2; lluny de ser aix&#xF2; motiu de lamentaci&#xF3;, desperta si m&#xE9;s no un insondable inter&#xE8;s, at&#xE8;s que la causa de la seva agonia no &#xE9;s una altra que la Codificaci&#xF3; del Dret civil de Catalunya. Morir&#xE0; la Compilaci&#xF3;, en un sacrifici excels a favor del creixement de Dret civil catal&#xE0;. Per tant, l'aniversari serveix tamb&#xE9; per celebrar el nostre propi proc&#xE9;s codificador. Per&#xF2; celebrar una efem&#xE8;ride no &#xE9;s incompatible amb el judici cr&#xED;tic que qualifica al jurista. Qu&#xE8; ha passat i qu&#xE8; est&#xE0; passant en aquest creixement normatiu? Quins avantatges i virtuts presenta la codificaci&#xF3; del Dret civil? Est&#xE0; exempta de riscos i desencerts? Tot aix&#xF2; ens ha preocupat als professors de la Facultat de Dret d'ESADE (URL), i no solament de Dret civil. Preocupaci&#xF3; que hem traslladat en el 2010 a seminaris i debats, fruit dels quals s&#xF3;n els diferents treballs que cont&#xE9; el present llibre. Diferents &#xF2;ptiques, diferents mat&#xE8;ries, diferent metodologia i diferents conclusions, expressives del pluralisme i de la independ&#xE8;ncia que caracteritza el nostre claustre.</subfield>
  </datafield>
  <datafield tag="504" ind1=" " ind2=" ">
    <subfield code="a">Referencias bibliogr&#xE1;ficas</subfield>
  </datafield>
  <datafield tag="506" ind1="1" ind2=" ">
    <subfield code="a">Contenido solo disponible en los productos indicados</subfield>
    <subfield code="d">vLex Global </subfield>
    <subfield code="d">vLex Global (Academic Edition, excluding Law Schools) </subfield>
    <subfield code="d">vLex Global (U.S. Academic Edition, Law Schools) </subfield>
    <subfield code="d">vLex Global (U.S. Academic Edition, excluding Law Schools) </subfield>
    <subfield code="d">vLex Global (Academic Edition, Law Schools) </subfield>
  </datafield>
  <datafield tag="650" ind1=" " ind2="4">
    <subfield code="a">Derecho civil</subfield>
    <subfield code="z">Catalu&#xF1;a</subfield>
  </datafield>
  <datafield tag="650" ind1=" " ind2="4">
    <subfield code="a">Codificaci&#xF3;n del derecho</subfield>
  </datafield>
  <datafield tag="700" ind1="1" ind2=" ">
    <subfield code="a">Llebar&#xED;a Samper, Sergio,</subfield>
    <subfield code="e">coord.</subfield>
  </datafield>
  <datafield tag="700" ind1="1" ind2=" ">
    <subfield code="a">Arroyo D&#xED;ez, Alfonso</subfield>
  </datafield>
  <datafield tag="740" ind1="0" ind2=" ">
    <subfield code="a">vLex Libros (Servicio en l&#xED;nea)</subfield>
  </datafield>
  <datafield tag="830" ind1=" " ind2="0">
    <subfield code="a">Bosch formaci&#xF3;n</subfield>
  </datafield>
  <datafield tag="830" ind1=" " ind2="0">
    <subfield code="a">Colecci&#xF3;n de formaci&#xF3;n continua Facultad de Derecho ESADE ;</subfield>
    <subfield code="v">8</subfield>
  </datafield>
  <datafield tag="856" ind1="4" ind2="0">
    <subfield code="u">https://app.vlex.com/#/sources/codi-dret-civil-catalunya-idealisme-pragmatisme-estudis-en-commemoracio-del-50e-aniversari-compilacio-6012</subfield>
  </datafield>
  <datafield tag="942" ind1=" " ind2=" ">
    <subfield code="c">RAA</subfield>
  </datafield>
  <datafield tag="952" ind1=" " ind2=" ">
    <subfield code="0">0</subfield>
    <subfield code="1">0</subfield>
    <subfield code="4">0</subfield>
    <subfield code="7">0</subfield>
    <subfield code="8">VLEX</subfield>
    <subfield code="9">319235</subfield>
    <subfield code="a">BD-UIN</subfield>
    <subfield code="b">BD-UIN</subfield>
    <subfield code="d">2024-03-05</subfield>
    <subfield code="l">0</subfield>
    <subfield code="p">6012</subfield>
    <subfield code="r">2024-03-05</subfield>
    <subfield code="w">2024-03-05</subfield>
    <subfield code="y">RAA</subfield>
  </datafield>
  <datafield tag="999" ind1=" " ind2=" ">
    <subfield code="c">161222</subfield>
    <subfield code="d">161222</subfield>
  </datafield>
</record>
